00993nam a22002531 450000100060000000300080000600500170001400800410003103500190007203500180009104000410010904100080015008200200015810000280017824500450020626000610025130000340031250400530034660000470039994200120044699900170045895201460047595201180062116951BD-RjUL20211209000053.0140215r19671949nyuc b 001 0beng d a(BD-RjUL)17007 a(OCoLC)792592 aDLCcOTifHdOCoLCdDLCdBD-RjULbeng aeng00a928.1bGRJ 19671 aGrossman, James.95230710aJames Fenimore Cooper /cJames Grossman. aNew York :bW. Sloane Associates,c1949 [reissued 1967]. aviii, 292 p. :bport.c22 cm. aIncludes bibliographical references and indexes.10aCooper, James Fenimore,d1789-1851.951335 2ddccBK c16951d16951 00102ddc40718NFICaRUCLbRUCLcReadingd1970-12-19eSwets + Zetlingerg26.00l0o928.1 GRJ 1967r2014-02-15 00:00:00tC-1w2014-02-15yBK 00102ddc40708NFICaRUCLbRUCLcStackd1975-05-06l0o928.1 GRJ 1967r2020-01-26 00:00:00tC-2w2020-01-26yBK